Ecology of Desert Environments : (Record no. 757119)
[ view plain ]
| 000 -LEADER | |
|---|---|
| fixed length control field | 00513nam a22001697a 4500 |
| 020 ## - INTERNATIONAL STANDARD BOOK NUMBER | |
| ISBN | 9789391972295 |
| 082 ## - DEWEY DECIMAL CLASSIFICATION NUMBER | |
| Edition number | 23 |
| Classification number | 577.54 |
| Item number | COL |
| 100 ## - MAIN ENTRY--AUTHOR NAME | |
| Personal name | Collins, Demarcus |
| 245 ## - TITLE STATEMENT | |
| Title | Ecology of Desert Environments : |
| Statement of responsibility, etc | Demarcus Collins |
| 260 ## - PUBLICATION, DISTRIBUTION, ETC. (IMPRINT) | |
| Place of publication | Jaipur : |
| Name of publisher | Agrotech press , |
| Year of publication | 2022 . |
| 300 ## - PHYSICAL DESCRIPTION | |
| Number of Pages | 288p |
| 504 ## - BIBLIOGRAPHY, ETC. NOTE | |
| Bibliography, etc | Include Bibliography and Index . |
| 650 ## - SUBJECT ADDED ENTRY--TOPICAL TERM | |
| Topical Term | Desertification |
| 650 ## - SUBJECT ADDED ENTRY--TOPICAL TERM | |
| Topical Term | Drought Preparedness and Drought Management . |
| 942 ## - ADDED ENTRY ELEMENTS (KOHA) | |
| Source of classification or shelving scheme | Dewey Decimal Classification |
| Koha item type | Book |
| Withdrawn status | Lost status | Source of classification or shelving scheme | Damaged status | Not for loan | Home Library | Current Location | Date acquired | Full call number | Accession Number | Price effective from | Koha item type |
|---|---|---|---|---|---|---|---|---|---|---|---|
| Dewey Decimal Classification | Dept. of Environmental Sciences | Dept. of Environmental Sciences | 26/02/2026 | 577.54 COL | ES2521 | 26/02/2026 | Book |
